005930000a22002290004500082002100000518001300021100002100034245008700055020002100142260003300163260001400196300001000210041000800220365001400228653001600242650002100258650001200279651001000291654002200301942002300323999001700346 aN923.5bT565mcN a20091113 aThapa, Rajeshwar aMahasamar nayak karnel Ujir Simha Thapa 'Nepali mataka ek bir saputko utsarg katha a978-99946-2-9695 aKathmandubAbhiman Prakashan c2064 B.S. a146p. aNep bRs.150.00 aBiographies aMilitary persons aHistory aNepal aThapa, Ujir Simha cGeneral Collection c52560d52556